[Event "4NCL 3 South pool B"]
[Site "Reading, ENG"]
[Date "2018.03.24"]
[Round "7.51"]
[White "Thompson, Ian D"]
[Black "Salmons, Calum"]
[Result "1/2-1/2"]
[WhiteElo "2200"]
[BlackElo "2035"]
[PlyCount "68"]
[EventDate "2018.03.24"]

1. c4 c5 2. Nc3 Nc6 3. g3 g6 4. Bg2 Bg7 5. a3 e6 6. Rb1 Nge7 7. b4 cxb4 8. axb4
O-O 9. Nf3 d5 10. b5 Nd4 11. Nxd4 Bxd4 12. cxd5 Nxd5 13. Nxd5 exd5 14. Qb3 Bf5
15. d3 Qa5+ 16. Bd2 Bxf2+ 17. Kxf2 Qxd2 18. Rhd1 Qa5 19. Qxd5 Qb6+ 20. Kf1 Rab8
21. Qf3 Rfe8 22. Qf2 Re3 23. Rb4 Rbe8 24. Rdb1 Qd6 25. Bf3 Bxd3 26. exd3 Qxd3+
27. Kg2 Rxf3 28. Qxf3 Re2+ 29. Qf2 Rxf2+ 30. Kxf2 Qd2+ 31. Kg1 Qe3+ 32. Kg2
Qe2+ 33. Kh3 Qh5+ 34. Kg2 Qe2+ 1/2-1/2

[Event "4NCL 3 South pool B"]
[Site "Reading, ENG"]
[Date "2018.03.24"]
[Round "7.52"]
[White "Blake, J Morgan"]
[Black "Frostick, Clive A"]
[Result "1/2-1/2"]
[WhiteElo "2102"]
[BlackElo "2156"]
[PlyCount "61"]
[EventDate "2018.03.24"]

1. e4 c5 2. Nf3 Nc6 3. Bb5 e6 4. O-O Nge7 5. Re1 a6 6. Bf1 d5 7. d3 dxe4 8.
dxe4 Qxd1 9. Rxd1 Ng6 10. a4 Bd7 11. Be3 Be7 12. Nbd2 Rc8 13. Nc4 Rc7 14. Rd2
Nb8 15. Nfe5 Nxe5 16. Nxe5 f6 17. Nc4 O-O 18. Bf4 e5 19. Bg3 Be6 20. Rad1 Rd7
21. Rxd7 Nxd7 22. Ne3 Kf7 23. f3 Rd8 24. Bf2 Nb6 25. Rxd8 Bxd8 26. a5 Nd7 27.
Nc4 Ke7 28. Be1 Nb8 29. Bf2 Nd7 30. Be1 Nb8 31. Bf2 1/2-1/2

[Event "4NCL 3 South pool B"]
[Site "Reading, ENG"]
[Date "2018.03.24"]
[Round "7.53"]
[White "Farrand, Tom"]
[Black "Rogacewicz, Mikolaj"]
[Result "1-0"]
[WhiteElo "2150"]
[BlackElo "1975"]
[PlyCount "87"]
[EventDate "2018.03.24"]

1. e4 e6 2. d4 d5 3. Nc3 Bb4 4. e5 c5 5. Bd2 Nh6 6. Nb5 Bxd2+ 7. Qxd2 O-O 8. c3
f6 9. exf6 Rxf6 10. dxc5 b6 11. cxb6 axb6 12. Nf3 Nd7 13. Be2 Bb7 14. Nd6 Ba6
15. Bxa6 Rxa6 16. Qe2 Ra8 17. Nb5 Nc5 18. O-O Nf5 19. Nbd4 Ne4 20. Nxf5 exf5
21. Nd4 Qd6 22. f3 Ng5 23. Rfe1 Raf8 24. Qe5 Qc5 25. Kh1 Nf7 26. Qe7 Qc8 27.
Re6 Rxe6 28. Qxe6 Qxe6 29. Nxe6 Re8 30. Nd4 Nd6 31. Kg1 Nc4 32. b3 Ne3 33. Re1
f4 34. Nf5 g6 35. Nxe3 fxe3 36. Kf1 b5 37. Ke2 Ra8 38. Kxe3 Rxa2 39. Re2 Ra3
40. Rb2 Kf7 41. Kd4 Ke6 42. Kc5 Ra8 43. Re2+ Kd7 44. Kxd5 1-0

[Event "4NCL 3 South pool B"]
[Site "Reading, ENG"]
[Date "2018.03.24"]
[Round "7.54"]
[White "Graham, Cassie M"]
[Black "Amato, Giampiero"]
[Result "0-1"]
[WhiteElo "1997"]
[BlackElo "2091"]
[PlyCount "90"]
[EventDate "2018.03.24"]

1. e4 e5 2. Nf3 Nf6 3. d4 Nxe4 4. Bd3 d5 5. Nxe5 Nd7 6. Nxd7 Bxd7 7. O-O Nf6 8.
Nc3 Be7 9. Bf4 c6 10. Re1 O-O 11. Ne2 Bg4 12. f3 Bh5 13. Ng3 Bg6 14. Nf5 Bxf5
15. Bxf5 Nh5 16. Be3 Bd6 17. Qd2 Qc7 18. g3 Rfe8 19. Bg5 Bxg3 20. Rxe8+ Rxe8
21. hxg3 Qxg3+ 22. Qg2 f6 23. Bg4 fxg5 24. Bxh5 Qxg2+ 25. Kxg2 Re2+ 26. Kf1 Rh2
27. Re1 Rxh5 28. Re8+ Kf7 29. Rb8 Rh2 30. Rxb7+ Kf6 31. c3 h5 32. a4 h4 33. a5
h3 34. Rxa7 Rxb2 35. Kg1 Ra2 36. a6 Kg6 37. Ra8 g4 38. Rh8 Kg5 39. Rh7 Kf4 40.
Rxg7 g3 41. Rf7+ Ke3 42. Re7+ Kd3 43. Re1 Rxa6 44. f4 Ra2 45. Rf1 h2+ 0-1

[Event "4NCL 3 South pool B"]
[Site "Reading, ENG"]
[Date "2018.03.24"]
[Round "7.55"]
[White "Fegan, Chris"]
[Black "Graham, William M"]
[Result "0-1"]
[WhiteElo "2052"]
[BlackElo "1890"]
[PlyCount "94"]
[EventDate "2018.03.24"]

1. d4 Nf6 2. Nf3 g6 3. Bf4 Bg7 4. e3 d6 5. Bd3 O-O 6. Nbd2 Nc6 7. h3 Qe8 8. Bh2
e5 9. dxe5 Nxe5 10. Nxe5 dxe5 11. e4 Nd7 12. O-O Nc5 13. Bc4 Qe7 14. Qe2 Bd7
15. Rab1 a5 16. c3 c6 17. a4 Nxa4 18. f4 exf4 19. Bxf4 b5 20. Ba2 Be6 21. Bxe6
Qxe6 22. Nf3 Nb6 23. Nd4 Qc4 24. Qxc4 Nxc4 25. Nxc6 Rfe8 26. Rfe1 $11 26...
Nxb2 27. Rxb2 Bxc3 28. Rbe2 Bxe1 29. Rxe1 Ra6 30. Nb8 Ra7 31. Nc6 Ra6 32. Nb8
Rae6 33. Nd7 Ra8 34. Be5 f6 35. Nxf6+ Kf7 36. Ng4 h5 37. Rf1+ Ke7 38. Bf6+ Kd6
39. Rd1+ Kc5 40. Rd5+ Kb4 41. Rd4+ Kb3 42. Rd3+ Ka4 43. Ne3 Rxf6 44. Nd5 Rc6
45. e5 b4 46. Re3 b3 47. Re2 Ka3 0-1

[Event "4NCL 3 South pool B"]
[Site "Reading, ENG"]
[Date "2018.03.24"]
[Round "7.56"]
[White "Bennet-Stevens, Lucy"]
[Black "Lawson, Maurice E"]
[Result "0-1"]
[WhiteElo "1930"]
[BlackElo "1959"]
[PlyCount "102"]
[EventDate "2018.03.24"]

1. e4 c6 2. c4 d5 3. cxd5 cxd5 4. exd5 Nf6 5. Nc3 Nxd5 6. d4 Nc6 7. Bb5 e6 8.
Nf3 Bd7 9. O-O Be7 10. Nxd5 exd5 11. Qb3 a6 12. Be2 Bc8 13. Bf4 O-O 14. Rac1
Bd6 15. Be5 Bxe5 16. dxe5 Re8 17. Rfd1 Nxe5 18. Rxd5 Nxf3+ 19. Bxf3 Qe7 20.
Rdd1 Rb8 21. Qb6 Bf5 22. h3 Qe6 23. Qa5 Qg6 24. g4 Be4 25. Bxe4 Qxe4 26. Qc3 h5
27. f3 Qf4 28. Qc2 Qxf3 29. Rd3 Qe4 30. Qd1 hxg4 31. hxg4 Qb4 32. b3 Qb6+ 33.
Kg2 Re6 34. Rc2 Rbe8 35. Qf3 Rf6 36. Qg3 Qe6 37. Rcd2 Qe4+ 38. Kg1 Rh6 39. Rh2
Qe1+ 40. Qxe1 Rxe1+ 41. Kf2 Rxh2+ 42. Kxe1 Rxa2 43. Rd8+ Kh7 44. Rd7 b5 45.
Rxf7 Kh6 46. Rf4 Kg5 47. Rd4 Kh4 48. b4 g5 49. Kf1 Kg3 50. Ke1 Kh4 51. Kf1 Ra4
0-1

[Event "4NCL 3 South pool B"]
[Site "Reading, ENG"]
[Date "2018.03.24"]
[Round "7.61"]
[White "Moloney, Nicholas R"]
[Black "Fowler, Hugo"]
[Result "1-0"]
[WhiteElo "2173"]
[BlackElo "1921"]
[PlyCount "53"]
[EventDate "2018.03.24"]

1. Nf3 Nf6 2. d4 g6 3. g3 Bg7 4. Bg2 O-O 5. O-O c5 6. c4 Nc6 7. d5 Na5 8. Nfd2
d6 9. Nc3 b6 10. Qc2 Ba6 11. b3 Qd7 12. a4 Rab8 13. Bb2 Rfe8 14. Rad1 h5 15. h3
Bc8 16. Nf3 Qf5 17. e4 Nxe4 18. Nh4 Qe5 19. Bxe4 Bxh3 20. Rfe1 Qg5 21. Bg2 Bd4
22. Ne4 Qg4 23. Bxd4 cxd4 24. Rxd4 Kf8 25. Bxh3 Qxh3 26. Ng5 Qd7 27. Nxg6+ 1-0

[Event "4NCL 3 South pool B"]
[Site "Reading, ENG"]
[Date "2018.03.24"]
[Round "7.62"]
[White "Di-Vetta, Andrew"]
[Black "Farkas, Daniel"]
[Result "0-1"]
[WhiteElo "1806"]
[BlackElo "2102"]
[PlyCount "96"]
[EventDate "2018.03.24"]

1. c4 e5 2. g3 Nc6 3. Bg2 f5 4. e3 Nf6 5. Nc3 d5 6. cxd5 Nb4 7. d3 Nbxd5 8. a3
c6 9. Nge2 Be6 10. Qc2 Bd6 11. Bd2 O-O 12. O-O Qe8 13. f4 exf4 14. Nxf4 Nxf4
15. gxf4 Qf7 16. Qd1 Rfe8 17. Qf3 Rad8 18. Rfe1 Bc5 19. d4 Bf8 20. Bc1 Bb3 21.
Bf1 Rxd4 22. Be2 Rdd8 23. Bd1 Bxd1 24. Rxd1 Qb3 25. Bd2 Bc5 26. Kh1 Rd3 27. Qe2
Rd7 28. Rac1 Rde7 29. Re1 Bb6 30. Nd1 Nd5 31. Qc4 Qxc4 32. Rxc4 Nxe3 33. Nxe3
Bxe3 34. Bb4 Re4 35. Rxe4 Rxe4 36. Bd6 Bd4 37. Rb1 Kf7 38. b4 Re3 39. Rd1 Re4
40. Bc7 Ke6 41. Rd3 Kd5 42. Rh3 h6 43. Rh5 Re1+ 44. Kg2 Ke4 45. a4 Rg1+ 46. Kh3
a5 47. Bd6 axb4 48. Bxb4 c5 0-1

[Event "4NCL 3 South pool B"]
[Site "Reading, ENG"]
[Date "2018.03.24"]
[Round "7.63"]
[White "Mogilarov, Dimitar"]
[Black "Eckert, Jonathan"]
[Result "1-0"]
[WhiteElo "2118"]
[BlackElo "1840"]
[PlyCount "143"]
[EventDate "2018.03.24"]

1. e4 e5 2. Nf3 Nc6 3. d4 exd4 4. Bc4 Nf6 5. e5 d5 6. Bb5 Ne4 7. Nxd4 Bd7 8.
Bxc6 bxc6 9. O-O Bc5 10. f3 Ng5 11. f4 Ne4 12. Be3 Qe7 13. Nd2 f5 14. Nxe4 fxe4
15. Qd2 O-O 16. Nb3 Bb6 17. Qc3 Kh8 18. Bc5 Qe6 19. a4 g5 20. a5 Rxf4 21. Qd4
Re8 22. axb6 axb6 23. Rxf4 gxf4 24. Rf1 f3 25. gxf3 exf3 26. Rxf3 26... bxc5
$11 27. Nxc5 Qg4+ 28. Qxg4 Bxg4 29. Re3 Be6 30. Kf2 Kg7 31. c3 Rf8+ 32. Rf3 Bg4
33. Rxf8 Kxf8 34. Ke3 Ke7 35. Kd4 Bc8 36. b4 h6 37. b5 cxb5 38. Kxd5 Bh3 39.
Kc6 Kd8 40. Kxb5 Bg2 41. Kc4 Ke7 42. Kd4 Bf3 43. Ke3 Bg2 44. Kf4 Kf7 45. h4 Kg6
46. Ne6 c6 47. Nd8 Bd5 48. Kg4 h5+ 49. Kf4 c5 50. c4 Bxc4 51. Nb7 Bd5 52. Nxc5
Bg2 53. Ne4 Bh3 54. Nd6 Bg2 55. Ke3 Kg7 56. Kd4 Kf8 57. e6 Ke7 58. Ke5 Bh3 59.
Nc8+ Kd8 60. Nb6 Ke7 61. Nd5+ Kf8 62. Kd6 Bxe6 63. Kxe6 Kg7 64. Kf5 Kh6 65. Kf6
Kh7 66. Kg5 Kg7 67. Kxh5 Kh7 68. Ne3 Kg7 69. Kg5 Kh7 70. Nf5 Kh8 71. Kg6 Kg8
72. Nh6+ 1-0

[Event "4NCL 3 South pool B"]
[Site "Reading, ENG"]
[Date "2018.03.24"]
[Round "7.64"]
[White "Smith, Steve"]
[Black "Agnew, Alan"]
[Result "1/2-1/2"]
[WhiteElo "1821"]
[BlackElo "2090"]
[PlyCount "54"]
[EventDate "2018.03.24"]

1. e4 c6 2. d4 d5 3. exd5 cxd5 4. c4 Nf6 5. Nc3 e6 6. Nf3 Be7 7. cxd5 Nxd5 8.
Bc4 O-O 9. O-O Nc6 10. a3 Nf6 11. Re1 b6 12. Bf4 Bb7 13. Ba2 Rc8 14. Qd3 Na5
15. Ne5 Nd5 16. Nxd5 Bxd5 17. Bb1 g6 18. Bc2 Nc4 19. Nxc4 Bxc4 20. Qe3 Bf6 21.
Be5 Bd5 22. Bd3 Bb7 23. Rac1 Bxe5 24. dxe5 Qd5 25. f3 $11 25... Rxc1 26. Rxc1
Rd8 27. Rc3 Rc8 1/2-1/2

[Event "4NCL 3 South pool B"]
[Site "Reading, ENG"]
[Date "2018.03.24"]
[Round "7.65"]
[White "Millward, Kevin P"]
[Black "Melsom, Jonathan T"]
[Result "1-0"]
[WhiteElo "2019"]
[BlackElo "1745"]
[PlyCount "125"]
[EventDate "2018.03.24"]

1. d4 e6 2. Bf4 Nf6 3. Nf3 c5 4. e3 Nc6 5. c3 Nh5 6. Bg5 Qb6 7. Na3 d5 8. Qb3
Bd6 9. Nb5 Bb8 10. a4 Nf6 11. Be2 O-O 12. dxc5 Qxc5 13. O-O Ne4 14. Bh4 14...
a6 $11 15. Nbd4 Qd6 16. Qa3 Ne5 17. Qxd6 Bxd6 18. Nxe5 Bxe5 19. a5 Bd7 20. f3
Bf6 21. Be1 Nd6 22. Bg3 e5 23. Rfd1 Bg5 24. Nc2 Nf5 25. Rxd5 Nxe3 26. Nxe3
Bxe3+ 27. Bf2 Bxf2+ 28. Kxf2 Bc6 29. Rxe5 Rad8 30. Rd1 Rxd1 31. Bxd1 Rd8 32.
Bb3 Kf8 33. Ke1 f6 34. Re3 Rd6 35. Bc2 g6 36. Ke2 Bb5+ 37. Bd3 Bc6 38. Bc4 Bd5
39. Bxd5 Rxd5 40. b4 h5 41. Re6 Kf7 42. Rb6 Rd7 43. h4 Ke7 44. g3 Kf7 45. Ke3
Rc7 46. Kd4 Rd7+ 47. Kc4 Ke7 48. g4 Rc7+ 49. Kd3 Rd7+ 50. Ke4 hxg4 51. fxg4 Rc7
52. h5 Kf7 53. h6 Re7+ 54. Kd5 g5 55. h7 Kg7 56. Rxf6 Kxh7 57. c4 Kg7 58. Re6
Rd7+ 59. Rd6 Rc7 60. c5 Kf7 61. c6 bxc6+ 62. Rxc6 Rb7 63. Kc5 1-0

[Event "4NCL 3 South pool B"]
[Site "Reading, ENG"]
[Date "2018.03.24"]
[Round "7.66"]
[White "Fowler, Caspian"]
[Black "Niccoli, Tony"]
[Result "0-1"]
[WhiteElo "1458"]
[BlackElo "2016"]
[PlyCount "64"]
[EventDate "2018.03.24"]

1. e4 e5 2. Nf3 Nc6 3. Bb5 a6 4. Bxc6 dxc6 5. O-O Bg4 6. h3 h5 7. d3 Qf6 8. Be3
Bxf3 9. Qxf3 Qxf3 10. gxf3 Bd6 11. d4 f6 12. h4 Ne7 13. Kg2 Ng6 14. Kh3 exd4
15. Bd2 Kf7 16. c3 c5 17. Na3 b5 18. cxd4 cxd4 19. Nc2 c5 20. b3 d3 21. Ne1 c4
22. a3 Rac8 23. Rc1 Be5 24. Be3 Rhd8 25. Rd1 Nf4+ 26. Kh2 c3 27. Ng2 Nxg2+ 28.
Kxg2 c2 29. Rde1 Bc3 30. Rc1 Bb2 31. Rce1 d2 32. Bxd2 Rxd2 0-1

[Event "4NCL 3 South pool B"]
[Site "Reading, ENG"]
[Date "2018.03.24"]
[Round "7.71"]
[White "Fraser-Mitchell, Jeremy N"]
[Black "Healey, Michael W"]
[Result "0-1"]
[WhiteElo "2087"]
[BlackElo "2141"]
[PlyCount "118"]
[EventDate "2018.03.24"]

1. d4 Nf6 2. c4 Nc6 3. Nf3 e6 4. Nc3 Bb4 5. Qc2 d6 6. Bd2 O-O 7. a3 Bxc3 8.
Bxc3 a5 9. e3 Qe7 10. Be2 e5 11. d5 Nb8 12. Nd2 a4 13. e4 Nbd7 14. O-O c6 15.
Rae1 Nc5 16. f4 Ng4 17. Bxg4 Bxg4 18. h3 Bd7 19. fxe5 dxe5 20. Nf3 f6 21. dxc6
Bxc6 22. Bb4 b6 23. Qf2 Qb7 24. Bxc5 bxc5 25. Qxc5 Bxe4 26. Qe3 Bc6 27. Qc3
Rab8 28. Rf2 Rfd8 29. Nh4 Qa7 30. Ref1 Rb3 31. Qc1 Qc5 32. Kh2 Be4 33. Rd2 Bd3
34. Re1 e4 35. Kh1 f5 36. Rdd1 Rf8 37. Qf4 Rxb2 38. Rc1 Rb6 39. Red1 h6 40. Nf3
Be2 41. Rd5 Qf2 42. Qh4 Qe3 43. Nd2 Qxa3 44. Re1 Bd3 45. Qf2 Rbf6 46. Qa7 Qb2
47. Qa5 a3 48. Rd7 Kh8 49. Rg1 a2 50. Ra7 Bb1 51. c5 Qd4 52. Nb3 Qd5 53. Qc3
R8f7 54. Ra4 Kh7 55. Rc1 Rg6 56. Rd4 Qc6 57. Na5 Qc7 58. Ra4 f4 59. c6 f3 0-1

[Event "4NCL 3 South pool B"]
[Site "Reading, ENG"]
[Date "2018.03.24"]
[Round "7.72"]
[White "McKenna, Jason P"]
[Black "Elwin, Adrian G"]
[Result "0-1"]
[WhiteElo "2091"]
[BlackElo "1989"]
[PlyCount "54"]
[EventDate "2018.03.24"]

1. e4 c6 2. d4 d5 3. Nd2 dxe4 4. Nxe4 Nf6 5. Nxf6+ gxf6 6. c3 Bf5 7. Nf3 e6 8.
g3 Bg4 9. Bg2 Bd6 10. O-O Nd7 11. Re1 Qc7 12. c4 c5 13. b4 cxd4 14. c5 Be5 15.
Bb2 d3 16. Qd2 Bxf3 17. Bxf3 Rd8 18. Bh5 O-O 19. Re4 Kh8 20. Rae1 b6 21. Rh4
Rg8 22. Bxf7 Rg7 23. Bxe6 bxc5 24. Bxd7 Rgxd7 25. Bxe5 fxe5 26. bxc5 Qxc5 27.
Rhe4 27... Qc2 {Time} 0-1

[Event "4NCL 3 South pool B"]
[Site "Reading, ENG"]
[Date "2018.03.24"]
[Round "7.73"]
[White "Smith, Graham"]
[Black "Pozimski, Szymon"]
[Result "0-1"]
[WhiteElo "2039"]
[BlackElo "1989"]
[PlyCount "88"]
[EventDate "2018.03.24"]

1. b3 Nf6 2. Bb2 g6 3. Bxf6 exf6 4. c4 Bg7 5. Nc3 f5 6. Rc1 Nc6 7. g3 b6 8. Bg2
Bb7 9. e3 Qc8 10. Nf3 Ne5 11. d4 Ng4 12. O-O O-O 13. h3 Nf6 14. Nd2 Bxg2 15.
Kxg2 Qb7+ 16. Qf3 c6 17. g4 fxg4 18. hxg4 Ne8 19. Rh1 f5 20. g5 Rf7 21. Rh4 Bf8
22. Ne2 Ng7 23. Nf4 Ne6 24. Nxe6 dxe6 25. c5 bxc5 26. dxc5 Rd8 27. Nc4 Rd5 28.
Na5 Qb5 29. b4 Be7 30. Qg3 f4 31. exf4 Bxc5 32. Rxc5 Rxc5 33. bxc5 Qxa5 34. f5
gxf5 35. g6 hxg6 36. Qb8+ Rf8 37. Qe5 Qd2 38. Qh8+ Kf7 39. Qh7+ Kf6 40. Ra4
Qg5+ 41. Kf1 Rd8 42. Rxa7 $11 42... Rd1+ 43. Ke2 Qd2+ 44. Kf3 Qd5+ 0-1

[Event "4NCL 3 South pool B"]
[Site "Reading, ENG"]
[Date "2018.03.24"]
[Round "7.74"]
[White "Dickinson, Tim R"]
[Black "Reuben, Stewart"]
[Result "0-1"]
[WhiteElo "2067"]
[BlackElo "2024"]
[PlyCount "84"]
[EventDate "2018.03.24"]

1. d4 Nf6 2. Nf3 c5 3. c3 e6 4. Bg5 b6 5. e4 Be7 6. Bd3 Bb7 7. Nbd2 d6 8. O-O
h6 9. Bxf6 Bxf6 10. Qe2 Nd7 11. Rfd1 O-O 12. Nc4 Qe7 13. e5 dxe5 14. dxe5 Bg5
15. Nd6 Bxf3 16. gxf3 Rad8 17. h4 Bxh4 18. f4 f6 19. Qe4 f5 20. Qg2 g5 21. Bb5
Nb8 22. Nb7 Rxd1+ 23. Rxd1 a6 24. Bc4 b5 25. Bxe6+ Qxe6 26. Rd6 Qc4 27. Rxh6
Qxf4 28. Nxc5 Qc1+ 29. Qf1 Qxf1+ 30. Kxf1 Re8 31. Rb6 g4 32. e6 Be7 33. Nd3 Rd8
34. Nf4 Kg7 35. b3 Kf6 36. c4 Bc5 37. Rb7 bxc4 38. bxc4 Ke5 39. e7 Re8 40. Ng6+
Kf6 41. Nf4 Ke5 42. Nd5 Nc6 0-1

[Event "4NCL 3 South pool B"]
[Site "Reading, ENG"]
[Date "2018.03.24"]
[Round "7.75"]
[White "Habershon, Paul F"]
[Black "Burrows, Nick"]
[Result "1-0"]
[WhiteElo "2030"]
[BlackElo "2057"]
[PlyCount "103"]
[EventDate "2018.03.24"]

1. e4 g6 2. d4 Bg7 3. c4 d6 4. Nc3 e5 5. Nf3 Nc6 6. dxe5 Nxe5 7. Nxe5 dxe5 8.
Qxd8+ Kxd8 9. Bg5+ f6 10. O-O-O+ Bd7 11. Be3 c6 12. Be2 Bh6 13. Bg4 f5 14. exf5
Kc7 15. Rxd7+ Kxd7 16. fxg6+ Kc7 17. gxh7 Bxe3+ 18. fxe3 Nh6 19. Bf3 Rxh7 20.
Ne4 Nf5 21. Ng5 Rh4 22. b3 Ng3 23. Rd1 Rxh2 24. Ne6+ Kb6 25. c5+ Ka5 26. Rd7 e4
27. Bd1 Rxg2 28. Rd4 b5 29. Nc7 Ne2+ 30. Bxe2 Rh8 31. Bd1 b4 32. a3 Rb8 33.
Rxe4 Rg5 34. Ne6 Rd5 35. Rc4 Rd3 36. Nd4 Rc8 37. axb4+ Ka6 38. Be2 Rxe3 39.
Rc3+ Rxe2 40. Nxe2 Rd8 41. Kc2 Kb7 42. Re3 Rd5 43. Re7+ Ka6 44. Re6 Kb7 45. Rd6
Rh5 46. Rd7+ Ka6 47. Rc7 Rh6 48. Kb2 Rh2 49. Re7 Rf2 50. Ka3 Rh2 51. Re6 Kb7
52. Nd4 1-0

[Event "4NCL 3 South pool B"]
[Site "Reading, ENG"]
[Date "2018.03.24"]
[Round "7.76"]
[White "Foster, Timothy"]
[Black "Freeman, Richard C P"]
[Result "0-1"]
[WhiteElo "1865"]
[BlackElo "2001"]
[PlyCount "70"]
[EventDate "2018.03.24"]

1. Nf3 g6 2. d4 Bg7 3. e4 d6 4. Nc3 a6 5. a4 b6 6. Be2 e6 7. O-O Ne7 8. Be3 Nd7
9. Re1 Bb7 10. Bf1 h6 11. Nd2 O-O 12. Ne2 e5 13. d5 f5 14. f3 f4 15. Bf2 g5 16.
c4 a5 17. Nc1 Qe8 18. Nd3 Qg6 19. Kh1 h5 20. Bg1 Nf6 21. b4 axb4 22. Qb3 g4 23.
Qxb4 Bc8 24. Nxe5 Qg5 25. Nd3 h4 26. e5 Nf5 27. exf6 Ng3+ 28. hxg3 hxg3 29.
Nxf4 Qxf4 30. Be3 Qxf6 31. Bd3 Qh4+ 32. Kg1 Qh2+ 33. Kf1 gxf3 34. Nxf3 Rxf3+
35. gxf3 Bh3# 0-1

[Event "4NCL 3 South pool B"]
[Site "Reading, ENG"]
[Date "2018.03.24"]
[Round "7.81"]
[White "Mihalik, Agoston"]
[Black "Byron, Alan M"]
[Result "1-0"]
[WhiteElo "2162"]
[BlackElo "2128"]
[PlyCount "99"]
[EventDate "2018.03.24"]

1. e4 c6 2. d4 d5 3. e5 Bf5 4. Nf3 e6 5. Be2 c5 6. O-O Nc6 7. Be3 cxd4 8. Nxd4
Nge7 9. Bb5 a6 10. Bxc6+ bxc6 11. c4 Qd7 12. Nc3 dxc4 13. Nxf5 Qxd1 14. Nxd1
Nxf5 15. Rc1 h5 16. Rxc4 Kd7 17. Nc3 Rb8 18. Na4 Rb4 19. Bd2 Rxc4 20. Nb6+ Kc7
21. Nxc4 c5 22. f3 Be7 23. Kf2 Kc6 24. Ba5 Bh4+ 25. g3 Bd8 26. Bc3 Bc7 27. Ne3
Nxe3 28. Kxe3 Rd8 29. Ke4 Rd5 30. g4 h4 31. f4 Kd7 32. Rf3 Bd8 33. g5 Rd1 34.
Rh3 Rh1 35. Rxh4 Be7 36. Rh8 g6 37. Kf3 Ra1 38. a3 c4 39. Ra8 Bxa3 40. Rxa6
Rf1+ 41. Ke2 Rxf4 42. Rxa3 Rh4 43. Ra7+ Ke8 44. Ra8+ Kd7 45. Kf3 Rxh2 46. Rf8
Rh7 47. Ke4 Kc6 48. Rc8+ Kb5 49. Bd2 Rh2 50. Bf4 1-0

[Event "4NCL 3 South pool B"]
[Site "Reading, ENG"]
[Date "2018.03.24"]
[Round "7.82"]
[White "Josse, Mark"]
[Black "Martin, Lewis"]
[Result "1/2-1/2"]
[WhiteElo "2170"]
[BlackElo "2079"]
[PlyCount "73"]
[EventDate "2018.03.24"]

1. c4 c6 2. e4 e5 3. Nc3 Nf6 4. Nf3 d6 5. d4 Nbd7 6. g3 g6 7. Bg2 Bg7 8. O-O
O-O 9. Re1 a5 10. h3 Ne8 11. dxe5 dxe5 12. b3 Nc7 13. Ba3 Re8 14. Qe2 Ne6 15.
Rad1 Nd4 16. Nxd4 exd4 17. Na4 b6 18. Bd6 Re6 19. c5 bxc5 20. Bxc5 Ba6 21. Qb2
d3 22. Bd4 Ne5 23. Nc5 Nf3+ 24. Bxf3 Bxd4 25. Nxe6 Bxb2 26. Nxd8 Rxd8 27. e5 c5
28. e6 fxe6 29. Rxe6 Bc8 30. Re3 d2 31. g4 Kf7 32. Kg2 Be6 33. Re2 Bc3 34. Re3
Bb2 35. Re2 Bc3 36. Re3 Bb2 37. Re2 1/2-1/2

[Event "4NCL 3 South pool B"]
[Site "Reading, ENG"]
[Date "2018.03.24"]
[Round "7.83"]
[White "Headlong, Timothy"]
[Black "Jones, Christopher M"]
[Result "1/2-1/2"]
[WhiteElo "2130"]
[BlackElo "2116"]
[PlyCount "33"]
[EventDate "2018.03.24"]

1. Nf3 d5 2. c4 e6 3. g3 Nf6 4. Bg2 Be7 5. O-O O-O 6. d4 c6 7. Qc2 Ne4 8. b3
Nd7 9. Bb2 f5 10. e3 Qe8 11. Ne5 Qh5 12. f3 Ng5 13. f4 Ne4 14. Bf3 Qh3 15. Bg2
Qh5 16. Bf3 Qh3 17. Bg2 1/2-1/2

[Event "4NCL 3 South pool B"]
[Site "Reading, ENG"]
[Date "2018.03.24"]
[Round "7.84"]
[White "Compton, Alistair"]
[Black "Onley, David E"]
[Result "0-1"]
[WhiteElo "2062"]
[BlackElo "2097"]
[PlyCount "68"]
[EventDate "2018.03.24"]

1. e4 c5 2. c3 d6 3. d4 Nf6 4. Bd3 cxd4 5. cxd4 g6 6. Ne2 Bg7 7. f3 O-O 8. Be3
e5 9. Nbc3 a6 10. Qd2 exd4 11. Nxd4 Nc6 12. Nxc6 bxc6 13. O-O-O Be6 14. Bh6 Qa5
15. Bxg7 Kxg7 16. Bb1 Rfd8 17. Ne2 Qc5+ 18. Qc2 Qg5+ 19. f4 Qxg2 20. f5 Qg5+
21. Rd2 Bd7 22. Qc3 Re8 23. h4 Qh6 24. Kd1 Rad8 25. Rxd6 Be6 26. Qd4 Rxd6 27.
Qxd6 Bc4 28. Qd4 Bb5 29. Ng3 c5 30. Qc3 Rd8+ 31. Ke1 Rd4 32. b3 Qf4 33. h5 Ng4
34. h6+ Kg8 0-1

[Event "4NCL 3 South pool B"]
[Site "Reading, ENG"]
[Date "2018.03.24"]
[Round "7.85"]
[White "Richmond, Peter"]
[Black "Gibson, Christopher A"]
[Result "1-0"]
[WhiteElo "2077"]
[BlackElo "1909"]
[PlyCount "61"]
[EventDate "2018.03.24"]

1. a3 e5 2. c4 c6 3. g3 d5 4. cxd5 cxd5 5. d4 e4 6. Nc3 Nc6 7. h4 Nf6 8. Bg5
Be6 9. e3 Qb6 10. Bxf6 gxf6 11. Bb5 a6 12. Bxc6+ Qxc6 13. Rc1 Qd6 14. Qh5 Rg8
15. Nge2 Rd8 16. Nf4 Qb6 17. O-O Bg4 18. Qxh7 Rg7 19. Nfxd5 Rxh7 20. Nxb6 Bf3
21. Ncd5 Rh6 22. Nc7+ Ke7 23. Rc5 Bg7 24. Rfc1 Rdh8 25. Ncd5+ Kd6 26. Nc4+ Ke6
27. Nf4+ Kd7 28. Nb6+ Kd6 29. Rd5+ Ke7 30. Rd7+ Ke8 31. Rc8# 1-0

[Event "4NCL 3 South pool B"]
[Site "Reading, ENG"]
[Date "2018.03.24"]
[Round "7.86"]
[White "Jaszkiwskyj, Peter"]
[Black "Tucker, David S"]
[Result "0-1"]
[WhiteElo "1928"]
[BlackElo "2020"]
[PlyCount "88"]
[EventDate "2018.03.24"]

1. d4 c5 2. d5 d6 3. c4 Nf6 4. Nc3 g6 5. e4 Bg7 6. Bd3 O-O 7. f4 e6 8. Nf3 exd5
9. cxd5 Bg4 10. O-O a6 11. a4 Nbd7 12. h3 Bxf3 13. Qxf3 Rc8 14. Qe2 Qc7 15. Bc4
Rfe8 16. Qd3 Nb6 17. Bd2 Nxc4 18. Qxc4 Re7 19. Rae1 Nd7 20. Rf3 Nb6 21. Qd3 c4
22. Qc2 Rce8 23. Qb1 Qc5+ 24. Kh1 Nd7 25. Rfe3 Bd4 26. R3e2 b5 27. axb5 axb5
28. b4 Qb6 29. Qc2 Nf6 30. Kh2 Ra8 31. Qb2 Qb8 32. f5 Be5+ 33. Kh1 Nh5 34. Kg1
Ng3 35. Rf2 Rea7 36. Bf4 Ra2 37. Qc1 Ra1 38. Qe3 Qa7 39. Kh2 Qxe3 40. Rxe3 Bxc3
41. Kxg3 Bd4 42. Rfe2 Bxe3 43. Rxe3 R8a3 44. Kf2 c3 0-1